000 00841nam a2200241 4500
003 LK-CoMWRAF
005 20231218152820.0
008 231207b2008 |||||||| |||| 00| 0 eng d
020 _a9789624423068
040 _aLK-CoMWRAF
_dLK-CoMWRAF
_eLK-CoMWRAF
041 _aeng
082 _a305.42
_bWOM
245 _aWomen empowering themselves :
_ba framework that interrogates and transforms
260 _aKowloon:
_bSoutheast Asia Research Centre,
_c2008
300 _a 77 p. : color ill. ; 25 cm
_bBibliography included
650 _aWomen-Social conditions
650 _aWomen in development- Asia
650 _aWomen's rights- Asia
700 _aWee, Vivienne
_eed.
700 _aShaheed, Farida
_eed.
856 _uhttps://assets.publishing.service.gov.uk/media/57a08bb840f0b652dd000e40/3_WEMC_Research_Framework.pdf
942 _cBK
999 _c4295
_d4295